| 000 | 00460nam a2200193Ia 4500 | ||
|---|---|---|---|
| 008 | 170918s9999 xx 000 0 und d | ||
| 020 | _a590443534 | ||
| 050 | _bK292 1967 | ||
| 100 | _aKeller, Helen | ||
| 245 | 4 | _aThe story of my life / | |
| 245 | _cby Helen Keller. | ||
| 260 | _aNew York : | ||
| 260 | _bScholastic, | ||
| 260 | _c1967 | ||
| 300 | _a159 pages : | ||
| 300 | _billustrations ; | ||
| 300 | _c17cm. | ||
| 300 | _eScholastic biography. | ||
| 999 |
_c343452 _d343452 |
||